000
00291nam a2200121Ia 4500
008
190216s9999||||xx |||||||||||||| ||und||
100
_a
James C Vanhorne
245
0
_a
Fundamentals Of Financial Management
260
_b
Kalyani Pub
_c
1978
300
_a
613p
650
_a
Commerce
942
_c
BK
999
_c
4634
_d
4634